Costa Rica: confrontaciones en los partidos de centro y derecha
Guardado en:
| Format: | Texto |
|---|---|
| Fag: | |
| Tags: |
Tilføj Tag
Ingen Tags, Vær først til at tagge denne postø!
|
MARC
| LEADER | 00000 a a2200000 04500 | ||
|---|---|---|---|
| 001 | 17570 | ||
| 003 | |||
| 040 | |||
| 245 | |a Costa Rica: |b confrontaciones en los partidos de centro y derecha | ||
| 650 | |a PARTIDOS POLITICOS | ||
| 650 | |a COSTA RICA | ||
| 773 | |g volumen 1, número 29; páginas 158 | ||
| 999 | |c 33061 |d 33061 | ||
| 773 | 0 | |0 42391 |9 3938 |a Agencia Latinoamericana de Información, ALAI |d Quito, Ecuador: ALAI |o 03984 |t ALAI: |x 08275564 (Servicio mensual de información y documentación) | |
